Countries...By Their Biggest Cities - Statistics

General Stats
  • This quiz has been taken 87 times
  • The average score is 17 of 20
Answer Stats
Hint Answer % Correct
New York, Los Angeles, Chicago USA
100%
Sydney, Melbourne, Brisbane Australia
97%
Sao Paulo, Rio de Janeiro, Brasilia Brazil
97%
Mumbai, New Delhi, Bangalore India
97%
Tokyo, Yokohama, Osaka Japan
97%
Mexico City, Tijuana, Ecatepec Mexico
97%
Moscow, Saint Petersburg, Novosibirsk Russia
97%
Toronto, Montreal, Vancouver Canada
96%
Shanghai, Beijing, Tainjin China
96%
Cairo, Alexandria, Giza Egypt
96%
Paris, Lyon, Marseille France
96%
Berlin, Hamburg, Munich Germany
96%
Jerusalem, Tel Aviv, Haifa Israel
93%
Riyadh, Jeddah, Mecca Saudi Arabia
89%
Dubai, Abu Dhabi, Sharjah UAE
89%
Nassau, Lucaya, Freeport Bahamas
75%
Dakar, Pikine, Touba Senegal
60%
Suva, Lautoka, Nadi Fiji
56%
Matola, Maputo, Nampula Mozambique
49%
Tarawa, Betio Village, Bikenbeu Village Kiribati
45%
No matching quizzes found
Score Distribution
Percent of People with Each Score
Percentile by Number Answered
Your Score History
You have not taken this quiz